Model theory and algebraic geometry: an introduction to E. Hrushovski's proof of the geometric Mordell-Lang conjecture

Guardat en:
Dades bibliogràfiques
Autor principal: Bouscaren, Elisabeth (Autor)
Format: Llibre
Idioma:anglès
Publicat: Berlín Springer 1998
Edició:1a. ed
Col·lecció:Lectures Notes in Mathematics, 1696
Matèries:
Etiquetes: Afegir etiqueta
Sense etiquetes, Sigues el primer a etiquetar aquest registre!

MARC

LEADER 00000cam a2200000 a 4500
001 UCE0059
003 CL-VaPUC
008 140103e19980000gw |||||||||||||||||eng|d
020 |a 3540648631 
082 0 4 |a 516.35  |b BOU  |2 21 
100 0 |a Bouscaren, Elisabeth  |e author  |9 572478 
245 1 0 |a Model theory and algebraic geometry: an introduction to E. Hrushovski's proof of the geometric Mordell-Lang conjecture 
250 |a 1a. ed 
300 |a 211 p 
942 |c BK 
945 |d 20140103 12:15:00  |a cmena 
260 |a Berlín  |b Springer  |c 1998 
650 0 |a Geometría algebraica  |9 270327 
650 7 |a TEORIA ALGEBRAICA  |2 CL-VaPUC  |9 345702 
583 |a last modification  |c 20140103 12:15:00  |k Rodrigo Vera 
490 0 |a Lectures Notes in Mathematics, 1696 
999 |c 354380  |d 354378